000 00454nam a2200169Ia 4500
005 20250508151858.0
008 008 250505s9999 xx 000 0 eng d
037 _aBooks to be hide in OPAC
040 _aFEDL
_beng
_cFEDL
041 _aeng
_2eng
084 _a372, LIT/O
_qFEDL
245 0 _aDolls' party 2
260 _aLondon, UK
_bMacmillan and Co. Ltd
_c1952
300 _a8p
942 _cHB
_h372, LIT/O
999 _c1332665
_d1332665